000 00295nam a2200109Ia 4500
008 190919s9999||||xx |||||||||||||| ||und||
100 _aMckeown, patrick G.
245 0 _aInformation technology and the Networked Economy
260 _aIndia
_bWorld Scientific
_c2000
300 _a975
942 _cBK
999 _c10410
_d10410